000
00329 a2200133 4500
000
nam a22 7a 4500
100
_a
Sukhadeo Thorat
110
_a
Sukhadeo Thorat
245
_a
Bridging the Social Gap: Perspectives on Dalit Empowerment
250
_a
latest edition
260
_b
Sage
264
_b
Sage
942
_c
BK
999
_c
396491
_d
396491